000 01408cam a2200133 4500500
005 20251214004327.0
041 _afre
042 _adc
100 1 0 _aBéroujon, Anne
_eauthor
245 0 0 _aPeuple et pauvres des villes dans la France moderne : De la Renaissance à la Révolution
260 _bArmand Colin,
_c2014.
520 _aQu’est-ce que le peuple dans les villes de la France moderne ? Comment le saisir dans toute sa diversité ? Les élites en livrent une représentation réductrice entre le xvie siècle et la Révolution, d’abord comme une masse indifférenciée prise dans sa seule dépendance aux puissants, ensuite comme une force politique incontrôlable. Pourtant, derrière ces traits figés, le peuple connaît une incessante mobilité, des parcours singuliers et des types aussi variés que la prostituée, le compagnon, la « revenderesse » ou le domestique.C’est dans ses multiples facettes, entre pauvreté et bourgeoisie, que cet ouvrage entend aborder le peuple. Dressant un tableau détaillé de ce groupe social, il en étudie, selon l’époque, l’activité légale et clandestine, le quotidien, le genre et les niveaux économiques, les configurations urbaines, les pratiques culturelles et la dimension politique.
856 4 1 _uhttps://shs.cairn.info/peuple-et-pauvres-des-villes-dans-la-france-modern--9782200255091?lang=fr&redirect-ssocas=7080
999 _c1568441
_d1568441